| 000 | 00333nam a2200121Ia 4500 | ||
|---|---|---|---|
| 008 | 220204s9999 xx 000 0 und d | ||
| 082 |
_a678.01:541.14 _bDEV.2 |
||
| 245 | 0 | _aDevelopments in polymer photochemistry. V 2 | |
| 260 |
_aLondon _bApplied Science _c1981 |
||
| 650 | _aPhotochemistry | ||
| 700 | _aAllen, Norman S | ||
| 942 | _cBK | ||
| 999 |
_c39208 _d39208 |
||